000 00753nam a2200181Ia 4500
008 090124s9999 xx 000 0 und d
082 _b34035
100 _aकीर्तने अंजली
245 _a डॉ. आनंदीबाई जोशी : काऴ आणि कर्तृत्व
250 _a1
260 _bमॅजेस्टिक प्रकाशन
_c1997
300 _a509
600 _aकीर्तने अंजली
630 _a डॉ. आनंदीबाई जोशी : काऴ आणि कर्तृत्व
700 _aकीर्तने अंजली
730 _a डॉ. आनंदीबाई जोशी : काऴ आणि कर्तृत्व
942 _cBOOK
999 _c99946
_d99946